| 000 | 00998nam a2200313 i 4500 | ||
|---|---|---|---|
| 003 | EG-GICUC | ||
| 005 | 20260228074657.0 | ||
| 008 | 260228s1949 -ukab |fr|||| 001 0 eng d | ||
| 040 |
_aEG-GiCUC _beng _cEG-GiCUC _dEG-GiCUC _erda |
||
| 041 | 0 | _aeng | |
| 082 | 0 | 4 |
_221 _a341.71 _bSM . H |
| 092 | 0 | 4 | _221 |
| 099 | _aLaw1 11 341.71 SM . H 1949 | ||
| 100 | 1 |
_aSmellie, K. B _eAuthor. |
|
| 245 | 1 | 2 |
_aA History Of Local Government / _cBy K. B. Smellie. |
| 250 | _aRevised Edition. | ||
| 264 | 1 |
_aLondon : _bGeorge Allen & Unwin, _c1949. |
|
| 300 |
_a208 pages : _billustrations, _c21 cm |
||
| 336 |
_2rda content _atext |
||
| 337 |
_2rda media _aComputer |
||
| 338 |
_2rda carrier _aOnline Resource |
||
| 504 | _aIncludes bibliographical references and index. | ||
| 504 | _aBibliography: pages 201-203. | ||
| 546 | _aText in English | ||
| 650 | 1 | 4 | _aPublic international law |
| 856 | 4 | 0 | _uhttps://fll.law.cu.edu.eg/fulltext/bks/B11-08175.pdf |
| 905 | _a48 | ||
| 942 |
_2ddc _cBK _e21 _n0 |
||
| 999 |
_c64323 _d64323 |
||